000 00891nam a2200289Ia 4500
001 Para_7313
003 CHAP
008 220125s1939 xx 000 0 und d
010 _a206201
040 _cCHAP
082 _aPA-C 631.81 B86
100 _aHoagand, D. R.
_9172429
245 _aFertilizernprobllems and analysis of soils in California /
_c by D. R. Hoagland
260 _aBerkeley, Cali. :
_b University of California. Agricultural Experiment Station
300 _a18 p.
440 _aCircular ; 317
_9172430
500 _aEnc. con impresos similares
650 _aFertilizantes
_x colecciones de escritos
_9172309
650 _aFertilizantes
_x efecto en suelos
_940553
901 _aPA-C 631.81 B86
902 _aA
905 _a0000001939 0000000000 00
910 _a1939
942 _cPARA
942 _cPARA
_d1
999 _c206201
_d206201